000
00191 a2200109 4500
020
_a
849951295x
041
_a
spa
100
_a
trimble,irene
245
_a
brave
942
_c
BK
952
_7
1
999
_c
18152
_d
18152